Statistics for Landoj de la Mondo

Click here to take the quiz!

General Stats

  • This quiz has been taken 253 times
    (249 since last reset)
  • The average score is 70 of 196

Answers on the Map

Answers color-coded by a green-red scale on the quiz's map according to % correct below.
 

Answer Stats

Country% Correct
Italio
70%
Kanado
68%
Aŭstralio
67%
Rusio
66%
Argentino
64%
Francio
64%
Alĝerio
63%
Brazilo
63%
Germanio
63%
Irano
62%
Mongolio
61%
Somalio
59%
Irako
58%
Sudano
58%
Venezuelo
58%
Bolivio
57%
Estonio
57%
Irlando
57%
Peruo
57%
Belgio
56%
Niĝerio
56%
Albanio
55%
Aŭstrio
55%
Islando
55%
Omano
55%
Pakistano
55%
Panamo
55%
Turkio
55%
Malio
54%
Nepalo
54%
Serbio
54%
Slovakio
54%
Meksiko
53%
Surinamo
53%
Armenio
52%
Bosnio kaj
Hercegovino
52%
Latvio
52%
Niĝero
52%
Angolo
51%
Kubo
51%
Slovenio
51%
Bulgario
49%
Namibio
49%
Belizo
48%
Benino
48%
Libio
48%
Tanzanio
48%
Zambio
48%
Belorusio
47%
Etiopio
47%
Ukrainio
46%
Afganio
45%
Haitio
45%
Israelo
45%
Kolombio
45%
Kosovo
45%
Sirio
45%
Turkmenio
45%
Eritreo
44%
Butano
43%
Ekvadoro
43%
Gabono
43%
Gambio
43%
Hungario
43%
Kroatio
43%
Maŭritanio
43%
Montenegro
43%
Senegalo
43%
Ugando
43%
Usono
43%
Uzbekio
43%
Honduro
42%
Portugalio
42%
Japanio
41%
Srilanko
41%
Sud-Sudano
41%
Burkino
40%
Burundo
40%
Ĉinio
40%
Malto
40%
Ĉilio
39%
Kataro
39%
Liberio
39%
Pollando
39%
Sud-Afriko
39%
Ĉado
38%
Finnlando
38%
Hispanio
38%
Jemeno
38%
Laoso
38%
Madagaskaro
38%
Nikaragvo
38%
Moldavio
37%
Nederlando
37%
Sud-Koreio
37%
Jordanio
36%
Kostariko
36%
Bangladeŝo
35%
Maroko
35%
Nord-Koreio
35%
Norvegio
35%
Rumanio
35%
Tongo
35%
Kameruno
34%
Andoro
33%
Gujano
33%
Lesoto
33%
Mozambiko
33%
Nauro
33%
Palaŭo
33%
Paragvajo
33%
Ruando
33%
San-Marino
33%
Urugvajo
33%
Dominiko
32%
Grekio
32%
Barato
31%
Danio
31%
Kiribato
31%
Salvadoro
31%
Luksemburgo
30%
Samoo
30%
Svedio
30%
Unuiĝintaj Arabaj Emirlandoj
30%
Egiptio
29%
Monako
29%
Trinidado kaj Tobago
29%
Vatikano
29%
Barbado
28%
Ĉeĥio
28%
Tuvalo
28%
Kenjo
27%
Gvatemalo
26%
Indonezio
26%
Kazaĥio
26%
Libano
26%
Svislando
26%
Britio
25%
Centr-Afriko
24%
Fiĝio
24%
Ganao
24%
Ĝibutio
24%
Taĝikio
24%
Vanuatuo
24%
Bahamoj
23%
Filipinoj
23%
Grenado
23%
Jamajko
23%
Malavio
23%
Nov-Zelando
23%
Tajlando
23%
Zimbabvo
23%
Azerbajĝano
22%
Kirgizio
22%
Birmo
21%
Domingo
21%
Kipro
21%
Gvineo
20%
Singapuro
20%
Togolando
20%
Antigvo kaj Barbudo
19%
Kartvelio
19%
Komoroj
19%
Tunizio
19%
Maldivoj
18%
Nord-Makedonio
18%
Sankta-Kito kaj Neviso
18%
Sankta Lucio
18%
Tajvano
18%
Brunejo
17%
Kamboĝo
17%
Svaziio
17%
Bocvano
16%
Malajzio
16%
Sieraleono
16%
Vjetnamio
16%
Kongo Kinŝasa
15%
Kuvajto
15%
Litovio
15%
Mikronezio
15%
Sankta Vincento kaj
Grenadinoj
15%
Sauda Arabio
15%
Maŭricio
14%
Barejno
13%
Gvineo Bisaŭa
13%
Kaboverdo
13%
Marŝaloj
13%
Papuo-Nov-Gvineo
13%
Sejŝeloj
13%
Ebur-Bordo
11%
Ekvatora Gvineo
11%
Liĥtenŝtejno
11%
Orienta Timoro
11%
Kongo Brazavila
9%
Salomonoj
9%
Santomeo kaj Principeo
8%

Score Distribution

Percentile by Number Answered

Percent of People with Each Score

Your Score History

You have not taken this quiz since the last reset